000 00270nam a2200121Ia 4500
008 190216s9999||||xx |||||||||||||| ||und||
100 _aSarivasthava H S
245 0 _aPlant Physiology
260 _bRasthogi Pub
_c1998
300 _a485p
650 _aBotany
942 _cBK
999 _c1476
_d1476